| 000 | 00426nam a22001697a 4500 | ||
|---|---|---|---|
| 999 |
_c526602 _d526602 |
||
| 003 | NUST | ||
| 020 | _qH/B | ||
| 038 | _awaseem | ||
| 082 |
_a891.439 _bAKH |
||
| 100 |
_aAkhtar, Salim _917606 |
||
| 245 |
_aAdb aur Culture / _cSalim Akhtar |
||
| 260 |
_aLahore : _bMaktab-i-Eallia, _c[s.l]. |
||
| 300 | _a224 p. ; | ||
| 880 |
_6100-01\r _aسلیم اختر |
||
| 880 |
_6245-02\r _aادب اور کلچر / |
||
| 942 |
_2ddc _cBK |
||